00521nam a2200169Ia 450000500170000000800410001704000190005804100120007708200170008910000200010624500750012626000490020130000340025050400360028470000210032085000100034120230628101341.0131103s9999 xx 000 0 und d aLoreto College aEnglish a301.431bALL aAllen,Thomas W. aDimensions of effective counselingcThomas W.Allen and John M.Whiteley aColumbusbCharles E.Merrill Publishingc1968 axiv,192 p.b ill.,fig.,tables aIncludes bibliography and index aWhiteley,John M. aLCLIB